000 00213 a2200097 4500
001 8629
100 _aAbdur Rauf Dr.
245 _aHistory of Islam (Illustrated)
260 _a
_bFerozsons
_c
090 _c6952
_d6952
942 _aNUST-CAE
_cM
_c33547
999 _c243702
_d243702